Муниципальное право Российской Федерации Учебное пособие
Пособие подготовлено на основании действующего законодательства Российской Федерации в соответствии с новейшими достижениями правовой науки. Раскрываются основные вопросы истории теории и практики организации и осуществления местного самоуправления в России и за рубежом. Содержание соответствует тр...
Guardat en:
| Autor principal: | |
|---|---|
| Format: | Учебное пособие |
| Edició: | 3 |
| Col·lecció: | Высшее образование |
| Accés en línia: | https://znanium.ru/catalog/document?id=442859 https://znanium.ru/cover/2136/2136004.jpg |
| Etiquetes: |
Afegir etiqueta
Sense etiquetes, Sigues el primer a etiquetar aquest registre!
|
| LEADER | 03245nam0a2200421 i 4500 | ||
|---|---|---|---|
| 001 | RU\infra-m\znanium\bibl\2136004 | ||
| 003 | https://znanium.ru/catalog/document?id=442859 | ||
| 005 | 20250812000000.0 | ||
| 010 | |a 978-5-16-019870-5 | ||
| 010 | |a 978-5-16-105013-2 |b электр. издание | ||
| 100 | |a 20250812d2024 m y0rusy0150 ca | ||
| 101 | 0 | |a rus | |
| 102 | |a RU | ||
| 200 | 1 | |a Муниципальное право Российской Федерации |e Учебное пособие |f Пятигорский государственный университет |g Пятигорский государственный университет | |
| 205 | |a 3 |b перераб. и доп. | ||
| 210 | 1 | |a Москва |c ООО "Научно-издательский центр ИНФРА-М" |d 2024 | |
| 215 | |a 254 с. | ||
| 225 | 1 | |a Высшее образование | |
| 330 | |a Пособие подготовлено на основании действующего законодательства Российской Федерации в соответствии с новейшими достижениями правовой науки. Раскрываются основные вопросы истории теории и практики организации и осуществления местного самоуправления в России и за рубежом. Содержание соответствует требованиям Федерального государственного образовательного стандарта высшего образования последнего поколения. Для студентов юридических вузов и факультетов. | ||
| 333 | |a ВО - Бакалавриат | ||
| 606 | |a Право. Юридические науки |x Административное право. Муниципальное право. |2 local | ||
| 608 | |a Учебное пособие |2 local | ||
| 675 | |a 342.55(075.8) |z rus | ||
| 686 | |a 67.401я73 |2 rubbk | ||
| 686 | |a 38.03.04 |2 okso | ||
| 686 | |a 40.03.01 |2 okso | ||
| 686 | |a 40.05.01 |2 okso | ||
| 686 | |a 40.05.02 |2 okso | ||
| 686 | |a 40.05.03 |2 okso | ||
| 686 | |a 40.05.04 |2 okso | ||
| 700 | 1 | |a Алексеев |b И.А. |g Игорь Александрович |p Пятигорский государственный университет | |
| 701 | 1 | |a Адамоков |b Б.Б. |g Беслан Белялович | |
| 701 | 1 | |a Белявский |b Д. С. |g Дмитрий Сергеевич |p Северо-Кавказский федеральный университет | |
| 701 | 1 | |a Трофимов |b М. С. |g Максим Сергеевич |p Северо-Кавказский федеральный университет | |
| 712 | 0 | 2 | |a Пятигорский государственный университет |
| 801 | 0 | |a RU |b Общество с ограниченной ответственностью «ЗНАНИУМ» |c 20240117 |2 rusmarc | |
| 856 | 4 | |a znanium.ru |m ebs_support@infra-m.ru |n НИЦ ИНФРА-М |u https://znanium.ru/catalog/document?id=442859 | |
| 856 | 4 | 1 | |a znanium.ru |d /cover/2136 |f 2136004.jpg |q image/jpeg |u https://znanium.ru/cover/2136/2136004.jpg |